20 Best NBA Players from Illinois - Statistics

General Stats
  • This quiz has been taken 19 times
  • The average score is 6 of 20
Answer Stats
Rank Team(s) Player Birthplace % Correct
2 Detroit Pistons Isiah Thomas Chicago, Illinois
89%
1 Miami Heat, Chicago Bulls, Cleveland Cavaliers Dwyane Wade Chicago, Illinois
83%
3 Chicago Bulls, New York Knicks, Cleveland Cavaliers, Minnesota Timberwolves, Detroit Pistons Derrick Rose Chicago, Illinois
78%
7 Minneapolis Lakers George Mikan Joliet, Illinois
56%
4 New Orleans Pelicans, Los Angeles Lakers Anthony Davis Chicago, Illinois,
50%
6 Philadelphia 76ers, Denver Nuggets, Golden State Warriors, Miami Heat Andre Iguodala Springfield, Illinois
22%
15 Boston Celtics, Dallas Mavericks, Atlanta Hawks, Miami Heat, Antoine Walker Chicago, Illinois
22%
12 Baltimore Bullets, Chicago Bulls Jerry Sloan McLeansboro, Illinois
22%
17 Charlotte Hornets, Seattle SuperSonics, New Jersey Nets, Miami Heat, Minnesota Timberwolves, Chicago Bulls, Milwaukee Bucks Kendall Gill Chicago, Illinois
22%
10 Toronto Raptors Fred VanVleet Rockford, Illinois
17%
18 Washington Wizards, Dallas Mavericks, Denver Nuggets, Orlando Magic, Houston Rockets, Charlotte Bobcats, Portland Trail Blazers, Miami Heat Juwan Howard Chicago, Illinois
17%
13 Phoenix Suns, Miami Heat, Toronto Raptors, Dallas Mavericks, Cleveland Cavaliers Shawn Marion Waukegan, Illinois
17%
19 Dallas Mavericks, Detroit Pistons, Los Angeles Clippers Mark Aguirre Chicago, Illinois
11%
11 Houston Rockets, Los Angeles Clippers Patrick Beverley Chicago, Illinois
11%
14 Los Angeles Clippers, Miami Heat, Oklahoma City Thunder, Washington Wizards, Charlotte Bobcats, Milwaukee Bucks, Cleveland Cavaliers, Brooklyn Nets, Golden State Warriors Shaun Livingston Peoria, Illinois
11%
5 Golden State Warriors, Miami Heat, Dallas Mavericks, Denver Nuggets, Indiana Pacers Tim Hardaway Chicago, Illinois
11%
20 Boston Celtics, Memphis Grizzlies, New Orleans Pelicans Tony Allen Chicago, Illinois
11%
8 Atlanta Hawks, Los Angeles Clippers, New York Knicks, San Antonio Spurs Doc Rivers Chicago, Illinois
6%
16 Phoenix Suns, Philadelphia 76ers, Utah Jazz Jeff Hornacek Elmhurst, Illinois
6%
9 Philadelphia 76ers, San Antonio Spurs, New York Knicks, Atlanta Hawks, New Jersey Nets Maurice Cheeks Chicago, Illinois
0%
No matching quizzes found
Score Distribution
Percent of People with Each Score
Percentile by Number Answered
Your Score History
You have not taken this quiz